000 01527nam a22003974a 4500
001 ebr10152587
003 CaPaEBR
006 m u
007 cr cn|||||||||
008 050325s2005 caua sb 000 0 eng
010 _z 2005008317
020 _z0833037897 (pbk.)
040 _aCaPaEBR
_cCaPaEBR
035 _a(OCoLC)191938965
043 _an-us---
_aac-----
050 1 4 _aUA832.2
_b.O4265 2005eb
082 0 4 _a355/.031/09730958
_222
100 1 _aOliker, Olga.
245 1 0 _aU.S. interests in Central Asia
_h[electronic resource] :
_bpolicy priorities and military roles /
_cOlga Oliker, A. David Shlapak.
260 _aSanta Monica, CA :
_bRand,
_c2005.
300 _axxiv, 55 p. :
_bill.
490 1 _aRand note ;
_vMG-338
500 _a"MG-338."
504 _aIncludes bibliographical references (p. 51-55).
533 _aElectronic reproduction.
_bPalo Alto, Calif. :
_cebrary,
_d2013.
_nAvailable via World Wide Web.
_nAccess may be limited to ebrary affiliated libraries.
610 1 0 _aUnited States.
_bAir Force
_xForeign service
_zAsia, Central.
651 0 _aAsia, Central
_xStrategic aspects.
651 0 _aUnited States
_xMilitary policy.
655 7 _aElectronic books.
_2local
700 1 _aShlapak, David A.
710 2 _aProject Air Force (U.S.)
710 2 _aRand Corporation.
710 2 _aebrary, Inc.
830 0 _aRand note ;
_vMG-338.
856 4 0 _uhttp://site.ebrary.com/lib/rucke/Doc?id=10152587
_zAn electronic book accessible through the World Wide Web; click to view
999 _c192425
_d192425